| 000 | 00948nam a22002651 4500 | ||
|---|---|---|---|
| 001 | 23895 | ||
| 003 | BD-RjUL | ||
| 005 | 20211209001002.0 | ||
| 008 | 140312s1964 nyuabf b 001 0 eng | ||
| 035 | _a(BD-RjUL)23960 | ||
| 040 |
_aDLC _cDLC _dDLC _dBD-RjUL _beng |
||
| 041 | _aeng | ||
| 082 | 0 | 0 |
_a910.091822 _bHOW 1964 |
| 100 | 1 |
_aHouston, J. M. _q(James Macintosh), _d1922- _950163 |
|
| 245 | 1 | 4 |
_aThe western Mediterranean world : _ban introduction to its regional landscapes / _cJ. M. Houston. With contributions by J. Roglić and J. I. Clarke. |
| 260 |
_aNew York : _bPraeger, _cc1964. |
||
| 300 |
_axxxii, 800 p. : _bill., maps, plates. ; _c23 cm. |
||
| 490 | 0 | _aPraeger advanced geographies | |
| 504 | _aBibliography: p. [724]-793. and index. | ||
| 650 | 0 |
_aPhysical geography _zWestern Mediterranean. _973572 |
|
| 650 | 0 |
_aLandscapes _zWestern Mediterranean. _973573 |
|
| 942 |
_2ddc _cBK |
||
| 999 |
_c23895 _d23895 |
||